China today : (Record no. 129468)

MARC details
000 -LEADER
fixed length control field 00677nam a22002297a 4500
005 - DATE AND TIME OF LATEST TRANSACTION
control field 20170124110056.0
010 ## - LIBRARY OF CONGRESS CONTROL NUMBER
LC control number A-708519
020 ## - INTERNATIONAL STANDARD BOOK NUMBER
Terms of availability 00.00
035 ## - SYSTEM CONTROL NUMBER
System control number A-708519
037 ## - SOURCE OF ACQUISITION
Source of stock number/acquisition Cen. Lib./Ret.
040 ## - CATALOGING SOURCE
Original cataloging agency DPL
Language of cataloging EN
082 ## - DEWEY DECIMAL CLASSIFICATION NUMBER
Classification number 951.9043
Item number CHO
100 ## - MAIN ENTRY--PERSONAL NAME
Personal name Chopra, S. N
9 (RLIN) 26457
245 ## - TITLE STATEMENT
Title China today :
Statement of responsibility, etc by S. N. Chopra
Remainder of title an overview of people's republic /
260 ## - PUBLICATION, DISTRIBUTION, ETC. (IMPRINT)
Place of publication, distribution, etc Delhi
Name of publisher, distributor, etc Konark Publishers
Date of publication, distribution, etc 1993
270 ## - ADDRESS
Address A-149, Main Vikas Marg
City Delhi
Postal code 110092
300 ## - PHYSICAL DESCRIPTION
Extent 300p. :
Dimensions 20cm(Hb)
Other physical details ill.
500 ## - GENERAL NOTE
General note Includes index
650 ## - SUBJECT ADDED ENTRY--TOPICAL TERM
Topical term or geographic name as entry element Chinese--History
9 (RLIN) 26458
650 ## - SUBJECT ADDED ENTRY--TOPICAL TERM
Topical term or geographic name as entry element Philosophy, Chinese
9 (RLIN) 26459
942 ## - ADDED ENTRY ELEMENTS (KOHA)
Source of classification or shelving scheme Dewey Decimal Classification
Koha item type English Books
Classification part 951.9043
Call number suffix CHO
Holdings
Withdrawn status Lost status Damaged status Not for loan Home library Current library Date acquired Source of acquisition Cost, normal purchase price Total Checkouts Full call number Barcode Date last seen Copy number Cost, replacement price Price effective from Koha item type
        Central Library Central Library 06/07/2015 Cen Lib/Ret 0.00   951.9043 CHO A-708519 06/07/2015 1 0.00 06/07/2015 English Books

© Delhi Public Library
Hit Counter
free hit counter